| 000 | 00672nam a22002057a 4500 | ||
|---|---|---|---|
| 999 |
_c186230 _d186230 |
||
| 005 | 20220217161158.0 | ||
| 010 | _aENG-131661 | ||
| 020 |
_a9788195267859 _c999.00 |
||
| 035 | _aEN-115193 | ||
| 037 | _bDBAD | ||
| 082 | _a530 | ||
| 100 | _aPatra, P. Santosh Kumar | ||
| 245 |
_aNetwork Analysis and Transmission Lines/ _cP. Santosh Kumar Patra et.al. |
||
| 260 |
_aHyderabad _bSunRaise International Publishers _c2021 |
||
| 270 |
_a# 326/C, Level-2, Surneni Nilayam Near B K Guda Park, S R Nagar _bHyderabad _e500038 |
||
| 300 |
_aviii, 462p. _c24cm(pbk) |
||
| 700 | _aPriyanka, P. | ||
| 700 | _aManoj, N. Daniel | ||
| 942 |
_2ddc _cEN _h621.319 _mPAT |
||